[Event "Cebanenco Memorial 2019"]
[Site "Chisinau"]
[Date "2019.05.15"]
[Round "7.2"]
[White "Hamitevici, Vladimir"]
[Black "Morozov, Nichita"]
[Result "0-1"]
[WhiteElo "2476"]
[BlackElo "2371"]
[Annotator "TA"]
[PlyCount "104"]
[EventDate "2019.05.07"]
[EventCountry "MDA"]
[SourceTitle "playchess.com"]
[Source "ChessBase"]
[SourceQuality "1"]

{[%evp 9,104,-18,23,-45,19,-20,-4,-24,-5,-12,-10,-16,-21,-24,0,-18,37,0,54,52,64,41,56,66,74,21,43,50,33,0,68,61,60,65,119,34,20,28,43,32,37,44,76,62,105,0,0,0,0,-45,0,-70,-56,-70,-72,-93,-46,-40,-42,-82,-50,-60,-35,-45,0,-28,-18,-14,-14,-13,-6,0,-10,-202,-186,-220,-232,-258,-261,-268,-242,-279,-263,-310,-303,-306,-306,-263,-214,-222,-226,-281,-261,-29978,-29979,-29979,-29980]} 1. c4 c6 2. Qa4 g6 (2... Nf6 3. Nf3 g6 4. g3 Bg7 5. Bg2 O-O 6. O-O d6 7. d4 Nbd7 8. Nc3 a6 9. Qc2 b5 10. Nd2 {0-1 (37) Dvoirys,S (2580)-Hovhannisyan,R (2612) St Petersburg 2012}) 3. e4 $146 ({Predecessor:} 3. Nf3 Bg7 4. Nc3 f5 5. g3 Nf6 6. Bg2 O-O 7. O-O d6 8. d4 Qe8 9. c5 Nbd7 10. Ng5 dxc5 11. dxc5 e6 12. Qc4 Ne5 13. Qb3 h6 14. Bf4 Nd5 15. Bxe5 Bxe5 16. Nf3 {1-0 (63) Chibukhchian,A (2454)-Baghdasaryan,V (2414) Yerevan 2013}) 3... Bg7 4. Nf3 Nf6 5. Nc3 O-O 6. h3 {A11: English Opening: 1...c6} (6. d4 $11) 6... d6 (6... e5 $15) 7. d3 a6 8. Qc2 {The position is equal.} b5 9. a3 Bb7 10. Be2 Nbd7 11. O-O Rc8 12. Re1 Ne8 (12... e5 $11) 13. Bg5 h6 (13... Nc7 $11) 14. Be3 $14 Nc7 15. Rad1 bxc4 16. dxc4 Ne6 17. Bf1 (17. e5 $16) 17... Qc7 18. b4 Kh7 19. Rc1 Ne5 (19... a5 $11) 20. Nxe5 Bxe5 21. Qd2 Bg7 {[#]} (21... g5 $14) 22. h4 (22. f4 $1 $16) 22... c5 23. h5 g5 ({Much worse is} 23... gxh5 $6 24. Nd5 $16) 24. Nd5 Qd8 25. Rb1 Rb8 26. Bd3 Kh8 27. f4 (27. bxc5 $16 dxc5 28. Rb6) 27... gxf4 28. Nxf4 Ng5 $1 29. Qc2 Bd4 30. Bxd4+ ({White should try} 30. bxc5 $11 Bxe3+ 31. Rxe3) 30... cxd4 $15 31. Rf1 e6 32. Kh1 Rg8 33. Qf2 $1 Rg7 34. Rbe1 a5 35. b5 Rc8 {[%cal Bb8c8,Bc8c5,Bc5e5,Be5g5][%mdl 32]} 36. Qh4 (36. Qxd4 $2 e5 $19) 36... Rc5 37. Ne2 Re5 {[%cal Rb7e4]} 38. Nxd4 Qb6 39. Nf3 $1 {[%cal Rf3e5]} Nxf3 40. Rxf3 ({Don't blunder} 40. gxf3 $2 Rgg5 $19) 40... Qc5 41. Rh3 $2 (41. Qf2 $11 {and White has nothing to worry.}) 41... Reg5 $19 42. Bf1 f5 43. Qf4 Bxe4 44. Qe3 Qc7 45. Rh2 Kh7 46. Qd2 d5 47. cxd5 Bxd5 48. Rc1 Qg3 49. Rc3 Qd6 $40 {[%mdl 128] And now ...Bxg2+! would win. Black has strong attack.} 50. Rd3 a4 51. Rh4 $2 {[#]} (51. Qf2 $19) 51... Rxg2 $1 52. Bxg2 Bxg2+ {Accuracy: White = 36%, Black = 40%.} ({But not} 52... Rxg2 $2 53. Rxd5 Rxd2 54. Rxd6 $18) 0-1

[Event "Cebanenco Memorial 2019"]
[Site "Chisinau"]
[Date "2019.05.15"]
[Round "7.3"]
[White "Svetushkin, Dmitry"]
[Black "Macovei, Andrei"]
[Result "1/2-1/2"]
[WhiteElo "2536"]
[BlackElo "2432"]
[Annotator "TA"]
[PlyCount "30"]
[EventDate "2019.05.07"]
[EventCountry "MDA"]
[SourceTitle "playchess.com"]
[Source "ChessBase"]
[SourceQuality "1"]

{[%evp 12,30,20,17,37,30,22,32,30,17,15,12,9,17,16,16,14,0,16,19,12]} 1. d4 Nf6 2. c4 e6 3. Nf3 d5 4. Nc3 Bb4 5. cxd5 exd5 6. Bg5 h6 7. Bh4 O-O {D38: Queen's Gambit Declined: Ragozin Defence (4 Nf3 Bb4)} 8. e3 Bf5 9. Qb3 Bxc3+ {White is slightly better.} 10. Qxc3 Nbd7 {The position is equal.} 11. Be2 c6 12. Qa3 g5 $146 ({Predecessor:} 12... Qb6 13. Nd2 a5 14. O-O Rfe8 15. Rfe1 {½-½ (34) Aronian,L (2780)-Deac,B (2594) Douglas 2018}) 13. Bg3 Ne4 14. Nd2 Ndf6 15. Nf1 Nxg3 {Accuracy: White = 92%, Black = 76%.} 1/2-1/2

[Event "Cebanenco Memorial 2019"]
[Site "Chisinau"]
[Date "2019.05.15"]
[Round "7.4"]
[White "Jobava, Baadur"]
[Black "Smirin, Ilia"]
[Result "0-1"]
[WhiteElo "2618"]
[BlackElo "2605"]
[Annotator "TA"]
[PlyCount "27"]
[EventDate "2019.05.07"]
[EventCountry "MDA"]
[SourceTitle "playchess.com"]
[Source "ChessBase"]
[SourceQuality "1"]

{[%evp 9,27,-17,-7,-12,0,-31,-28,-41,0,0,0,0,0,0,0,-41,-26,-172,-174,-148]} 1. d4 Nf6 2. Bg5 Ne4 3. Bf4 c5 4. e3 (4. f3 Nf6 5. dxc5 Nc6 6. e4 b6 7. Nc3 bxc5 8. Bc4 d6 9. Nge2 Bd7 10. Nd5 e6 11. Nxf6+ Qxf6 12. Bxd6 Qxb2 13. Bxf8 {½-½ (87) Vitiugov,N (2719)-Smirin,I (2609) St Petersburg 2018}) 4... Qb6 5. Nc3 Nxc3 6. bxc3 {A45: Trompowsky Attack} d6 7. Rb1 Qa5 8. Bb5+ {Black has an edge.} Bd7 9. Qd3 $146 ({Predecessor:} 9. Bxd7+ Nxd7 10. Ne2 Qxa2 11. O-O Qa6 {0-1 (44) Papadimitriou,L (2104)-Nestorovic,N (2462) Vrachati 2013}) 9... Qxa2 10. Bxd7+ Nxd7 11. Rxb7 Rd8 12. dxc5 e5 {Strongly threatening ...a6.} 13. Nf3 {[#]} (13. Bg5 $11 {and White is okay.} f6 14. cxd6) 13... a6 $1 $19 ({Much less strong is} 13... exf4 14. O-O $11) ({Worse is} 13... Qa1+ 14. Ke2 $11) 14. cxd6 0-1

[Event "Cebanenco Memorial 2019"]
[Site "Chisinau"]
[Date "2019.05.15"]
[Round "7.5"]
[White "Lashkin, Jegor"]
[Black "Schitco, Ivan"]
[Result "1/2-1/2"]
[WhiteElo "2313"]
[BlackElo "2437"]
[Annotator "TA"]
[PlyCount "27"]
[EventDate "2019.05.07"]
[EventCountry "MDA"]
[SourceTitle "playchess.com"]
[Source "ChessBase"]
[SourceQuality "1"]

{[%evp 10,23,17,15,32,29,36,12,32,35,35,29,32,32,32,28]} 1. e4 c6 2. Nf3 d5 3. Nc3 dxe4 4. Nxe4 Nf6 5. Qe2 Nxe4 6. Qxe4 Qa5 {B11: Caro-Kann: Two Knights Variation} 7. Qf4 Qf5 8. Qe3 Qe6 9. b3 Qxe3+ 10. fxe3 f6 11. Bb2 e5 12. O-O-O {Predecessor:} Bd6 $146 13. d4 exd4 14. exd4 {1-0 (34) Predke,A (2615)-Leontiev,A (2276) St Petersburg 2018} 1/2-1/2

[Event "Cebanenco Memorial 2019"]
[Site "Chisinau"]
[Date "2019.05.16"]
[Round "8.1"]
[White "Fedorov, Alexei"]
[Black "Schitco, Ivan"]
[Result "0-1"]
[WhiteElo "2566"]
[BlackElo "2437"]
[Annotator "ChessBase"]
[PlyCount "34"]
[EventDate "2019.05.07"]
[EventCountry "MDA"]
[SourceTitle "playchess.com"]
[Source "ChessBase"]
[SourceQuality "1"]
[TimeControl "5400+30"]

1. e4 {[%emt 0:00:00]} d6 {[%emt 0:00:00]} 2. d4 {[%emt 0:00:00]} Nf6 {[%emt 0:00:00]} 3. f3 {[%emt 0:00:06]} c5 {[%emt 0:00:24]} 4. Ne2 {[%emt 0:03:33]} e6 {[%emt 0:00:21]} 5. c4 {[%emt 0:04:14]} d5 {[%emt 0:00:14]} 6. cxd5 {[%emt 0:07:29]} exd5 {[%emt 0:00:29]} 7. e5 {[%emt 0:02:50]} Nfd7 {[%emt 0:00:39]} 8. f4 {[%emt 0:00:06]} Nc6 {[%emt 0:00:37]} 9. Be3 {[%emt 0:06:02]} Nb6 {[%emt 0:08:16]} 10. Bf2 {[%emt 0:22:47]} Nc4 {[%emt 0:09:30]} 11. dxc5 {[%emt 0:10:19]} Qa5+ {[%emt 0:28:54]} 12. Nec3 {[%emt 0:03:59]} Bxc5 {[%emt 0:04:21]} 13. Bxc4 {[%emt 0:08:27]} Bxf2+ {[%emt 0:01:12]} 14. Kxf2 {[%emt 0:00:04]} dxc4 {[%emt 0:03:07]} 15. Nd2 {[%emt 0:02:13]} Qb6+ {[%emt 0:07:16]} 16. Ke1 {[%emt 0:00:30]} Be6 {[%emt 0:02:21]} 17. f5 {[%emt 0:01:28]} Nxe5 {[%emt 0:08:51]} 0-1

[Event "Cebanenco Memorial 2019"]
[Site "Chisinau"]
[Date "2019.05.16"]
[Round "8.2"]
[White "Smirin, Ilia"]
[Black "Lashkin, Jegor"]
[Result "1-0"]
[WhiteElo "2605"]
[BlackElo "2313"]
[Annotator "ChessBase"]
[PlyCount "63"]
[EventDate "2019.05.07"]
[EventCountry "MDA"]
[SourceTitle "playchess.com"]
[Source "ChessBase"]
[SourceQuality "1"]
[TimeControl "5400+30"]

1. e4 {[%emt 0:02:40]} c5 {[%emt 0:00:00]} 2. Nc3 {[%emt 0:00:14]} d6 {[%emt 0:02:56]} 3. Nge2 {[%emt 0:00:19]} Nf6 {[%emt 0:00:09]} 4. g3 {[%emt 0:00:19]} g6 {[%emt 0:01:34]} 5. d4 {[%emt 0:01:51]} cxd4 {[%emt 0:00:08]} 6. Nxd4 {[%emt 0:00:05]} Bg7 {[%emt 0:00:13]} 7. Bg2 {[%emt 0:00:39]} O-O {[%emt 0:00:13]} 8. O-O {[%emt 0:00:32]} Nc6 {[%emt 0:01:48]} 9. Nde2 {[%emt 0:00:43]} Bd7 {[%emt 0:14:52]} 10. h3 {[%emt 0:02:28]} Rc8 {[%emt 0:02:11]} 11. Re1 {[%emt 0:02:46]} Re8 {[%emt 0:03:41]} 12. a4 {[%emt 0:03:23]} a6 {[%emt 0:04:30]} 13. Nd5 {[%emt 0:10:42]} b5 {[%emt 0:17:31]} 14. axb5 {[%emt 0:01:17]} axb5 {[%emt 0:00:01]} 15. Be3 {[%emt 0:02:07]} Nxd5 {[%emt 0:12:38]} 16. exd5 {[%emt 0:00:29]} Na5 {[%emt 0:00:42]} 17. Bd4 {[%emt 0:04:50]} Bxd4 {[%emt 0:07:06]} 18. Nxd4 {[%emt 0:01:28]} Qb6 {[%emt 0:00:27]} 19. b3 {[%emt 0:01:38]} Nb7 {[%emt 0:06:34]} 20. Qd2 {[%emt 0:13:27]} Nd8 {[%emt 0:04:30]} 21. Rad1 {[%emt 0:08:06]} e5 {[%emt 0:02:23]} 22. dxe6 {[%emt 0:00:15]} Nxe6 {[%emt 0:00:11]} 23. Nf3 {[%emt 0:00:45]} Bc6 {[%emt 0:03:14]} 24. h4 {[%emt 0:00:25]} Qb7 {[%emt 0:00:49]} 25. Re3 {[%emt 0:01:06]} Be4 {[%emt 0:02:31]} 26. Ne1 {[%emt 0:05:12]} Bxg2 {[%emt 0:00:58]} 27. Nxg2 {[%emt 0:00:14]} Qc6 {[%emt 0:00:39]} 28. Re2 {[%emt 0:01:43]} Ng7 {[%emt 0:05:15]} 29. Ne3 {[%emt 0:01:46]} Qf3 {[%emt 0:00:10]} 30. Rde1 {[%emt 0:00:51]} Re6 {[%emt 0:02:19]} 31. Nd5 {[%emt 0:04:26]} Rd8 {[%emt 0:01:05]} 32. Re3 {[%emt 0:00:55]} 1-0

[Event "Cebanenco Memorial 2019"]
[Site "Chisinau"]
[Date "2019.05.16"]
[Round "8.3"]
[White "Macovei, Andrei"]
[Black "Jobava, Baadur"]
[Result "1/2-1/2"]
[WhiteElo "2432"]
[BlackElo "2618"]
[Annotator "ChessBase"]
[PlyCount "26"]
[EventDate "2019.05.07"]
[EventCountry "MDA"]
[SourceTitle "playchess.com"]
[Source "ChessBase"]
[SourceQuality "1"]
[TimeControl "5400+30"]

1. e4 {[%emt 0:01:35]} e5 {[%emt 0:09:18]} 2. Nf3 {[%emt 0:00:04]} Nc6 {[%emt 0:00:03]} 3. Bb5 {[%emt 0:00:03]} a6 {[%emt 0:00:05]} 4. Ba4 {[%emt 0:00:02]} Nf6 {[%emt 0:00:07]} 5. O-O {[%emt 0:00:04]} b5 {[%emt 0:00:03]} 6. Bb3 {[%emt 0:00:03]} Be7 {[%emt 0:00:06]} 7. Re1 {[%emt 0:00:07]} d6 {[%emt 0:00:05]} 8. c3 {[%emt 0:00:03]} O-O {[%emt 0:00:06]} 9. h3 {[%emt 0:00:02]} Re8 {[%emt 0:00:06]} 10. Ng5 {[%emt 0:00:07]} Rf8 {[%emt 0:00:05]} 11. Nf3 {[%emt 0:00:03]} Re8 {[%emt 0:00:05]} 12. Ng5 {[%emt 0:00:02]} Rf8 {[%emt 0:00:04]} 13. Nf3 {[%emt 0:00:03]} Re8 {[%emt 0:00:04]} 1/2-1/2

[Event "Cebanenco Memorial 2019"]
[Site "Chisinau"]
[Date "2019.05.16"]
[Round "8.4"]
[White "Morozov, Nichita"]
[Black "Svetushkin, Dmitry"]
[Result "1/2-1/2"]
[WhiteElo "2371"]
[BlackElo "2536"]
[Annotator "ChessBase"]
[PlyCount "115"]
[EventDate "2019.05.07"]
[EventCountry "MDA"]
[SourceTitle "playchess.com"]
[Source "ChessBase"]
[SourceQuality "1"]
[TimeControl "5400+30"]

1. d4 {[%emt 0:11:25]} d5 {[%emt 0:00:00]} 2. c4 {[%emt 0:00:12]} c6 {[%emt 0:00:00]} 3. cxd5 {[%emt 0:00:09]} cxd5 {[%emt 0:00:00]} 4. Nc3 {[%emt 0:00:07]} Nf6 {[%emt 0:00:07]} 5. Nf3 {[%emt 0:00:07]} Nc6 {[%emt 0:00:06]} 6. Bf4 {[%emt 0:00:04]} Nh5 {[%emt 0:00:12]} 7. Bd2 {[%emt 0:00:38]} Nf6 {[%emt 0:00:56]} 8. Bf4 {[%emt 0:00:29]} Nh5 {[%emt 0:01:16]} 9. Bd2 {[%emt 0:03:06]} e6 {[%emt 0:01:14]} 10. Ne5 {[%emt 0:02:48]} Nf6 {[%emt 0:01:29]} 11. Nxc6 {[%emt 0:01:25]} bxc6 {[%emt 0:00:10]} 12. Rc1 {[%emt 0:07:07]} c5 {[%emt 0:07:26]} 13. e4 {[%emt 0:01:18]} dxe4 {[%emt 0:03:57]} 14. Nb5 {[%emt 0:02:28]} Be7 {[%emt 0:11:02]} 15. dxc5 {[%emt 0:00:10]} O-O {[%emt 0:00:06]} 16. Be2 {[%emt 0:08:42]} a6 {[%emt 0:13:08]} 17. Na3 {[%emt 0:00:09]} Rb8 {[%emt 0:01:55]} 18. b4 {[%emt 0:01:37]} e3 {[%emt 0:06:43]} 19. Bxe3 {[%emt 0:00:58]} Nd5 {[%emt 0:00:06]} 20. Nc2 {[%emt 0:01:42]} Bf6 {[%emt 0:02:29]} 21. Bf3 {[%emt 0:10:50]} Nxe3 {[%emt 0:04:29]} 22. Nxe3 {[%emt 0:01:30]} Rxb4 {[%emt 0:12:31]} 23. O-O {[%emt 0:00:18]} Qa5 {[%emt 0:01:20]} 24. Rc2 {[%emt 0:01:00]} Bd4 {[%emt 0:02:46]} 25. Qd2 {[%emt 0:03:30]} Rd8 {[%emt 0:06:55]} 26. Rd1 {[%emt 0:06:02]} Bf6 {[%emt 0:04:26]} 27. Qe1 {[%emt 0:01:41]} Rxd1 {[%emt 0:00:48]} 28. Qxd1 {[%emt 0:00:31]} Rd4 {[%emt 0:00:50]} 29. Qc1 {[%emt 0:00:40]} Bg5 {[%emt 0:02:48]} 30. g3 {[%emt 0:01:46]} Rd3 {[%emt 0:01:12]} 31. Be4 {[%emt 0:02:37]} Rd4 {[%emt 0:00:51]} 32. Bf3 {[%emt 0:01:05]} Rd3 {[%emt 0:03:50]} 33. Be4 {[%emt 0:00:13]} Bxe3 {[%emt 0:00:08]} 34. fxe3 {[%emt 0:00:30]} Rd8 {[%emt 0:00:06]} 35. Kf2 {[%emt 0:00:00]} h5 {[%emt 0:00:32]} 36. Qb2 {[%emt 0:01:22]} Rd1 {[%emt 0:02:16]} 37. Qc3 {[%emt 0:00:39]} Qb5 {[%emt 0:01:40]} 38. Bg2 {[%emt 0:00:30]} h4 {[%emt 0:03:33]} 39. Rb2 {[%emt 0:01:55]} Qd7 {[%emt 0:00:03]} 40. c6 {[%emt 0:00:00]} Qd6 {[%emt 0:00:00]} 41. Qb4 {[%emt 0:00:00]} Qd8 {[%emt 0:00:00]} 42. Bf3 {[%emt 0:00:00]} Qf6 {[%emt 0:00:00]} 43. Rd2 {[%emt 0:00:00]} Rh1 {[%emt 0:00:00]} 44. Rd8+ {[%emt 0:00:00]} Qxd8 {[%emt 0:00:00]} 45. Bxh1 {[%emt 0:00:00]} Qd1 {[%emt 0:00:00]} 46. Qd4 {[%emt 0:00:00]} Qc2+ {[%emt 0:00:00]} 47. Kg1 {[%emt 0:00:00]} Qb1+ {[%emt 0:00:00]} 48. Kf2 {[%emt 0:00:00]} Qxa2+ {[%emt 0:00:00]} 49. Kg1 {[%emt 0:00:00]} Qb1+ {[%emt 0:00:00]} 50. Kf2 {[%emt 0:00:00]} Qf5+ {[%emt 0:00:00]} 51. Bf3 {[%emt 0:00:00]} hxg3+ {[%emt 0:00:00]} 52. hxg3 {[%emt 0:00:00]} Qf6 {[%emt 0:00:00]} 53. Qd6 {[%emt 0:00:00]} g5 {[%emt 0:00:00]} 54. g4 {[%emt 0:00:00]} Kg7 {[%emt 0:00:00]} 55. Qc7 {[%emt 0:00:00]} Qb2+ {[%emt 0:00:44]} 56. Kg3 {[%emt 0:00:00]} Qa1 {[%emt 0:00:07]} 57. Kg2 {[%emt 0:00:00]} Qb2+ {[%emt 0:00:13]} 58. Kg3 {[%emt 0:00:00]} 1/2-1/2

[Event "Cebanenco Memorial 2019"]
[Site "Chisinau"]
[Date "2019.05.16"]
[Round "8.5"]
[White "Miron, Lucian-Costin"]
[Black "Hamitevici, Vladimir"]
[Result "1-0"]
[WhiteElo "2472"]
[BlackElo "2476"]
[Annotator "ChessBase"]
[PlyCount "103"]
[EventDate "2019.05.07"]
[EventCountry "MDA"]
[SourceTitle "playchess.com"]
[Source "ChessBase"]
[SourceQuality "1"]
[TimeControl "5400+30"]

1. d4 {[%emt 0:00:00]} Nf6 {[%emt 0:13:14]} 2. c4 {[%emt 0:00:00]} c5 {[%emt 0:00:05]} 3. d5 {[%emt 0:00:00]} b5 {[%emt 0:00:16]} 4. cxb5 {[%emt 0:00:00]} a6 {[%emt 0:00:03]} 5. bxa6 {[%emt 0:00:00]} g6 {[%emt 0:00:05]} 6. Nc3 {[%emt 0:00:00]} Bg7 {[%emt 0:00:06]} 7. e4 {[%emt 0:00:52]} O-O {[%emt 0:00:15]} 8. Nf3 {[%emt 0:00:07]} Qa5 {[%emt 0:00:10]} 9. Bd2 {[%emt 0:00:04]} Bxa6 {[%emt 0:00:43]} 10. Be2 {[%emt 0:00:26]} Bxe2 {[%emt 0:02:53]} 11. Qxe2 {[%emt 0:00:13]} Qa6 {[%emt 0:00:06]} 12. a4 {[%emt 0:02:34]} e6 {[%emt 0:00:34]} 13. dxe6 {[%emt 0:16:52]} Qxe2+ {[%emt 0:03:35]} 14. Kxe2 {[%emt 0:01:08]} fxe6 {[%emt 0:00:06]} 15. Be3 {[%emt 0:24:27]} Na6 {[%emt 0:04:21]} 16. Rhd1 {[%emt 0:00:13]} Rfb8 {[%emt 0:07:22]} 17. Rab1 {[%emt 0:00:53]} Rb7 {[%emt 0:00:40]} 18. h3 {[%emt 0:08:43]} Rab8 {[%emt 0:01:25]} 19. e5 {[%emt 0:02:14]} Ne8 {[%emt 0:00:12]} 20. Nb5 {[%emt 0:04:23]} Nec7 {[%emt 0:02:24]} 21. Rxd7 {[%emt 0:02:15]} Nxb5 {[%emt 0:00:07]} 22. Rxb7 {[%emt 0:00:05]} Rxb7 {[%emt 0:00:04]} 23. axb5 {[%emt 0:00:08]} Rxb5 {[%emt 0:00:04]} 24. b3 {[%emt 0:05:29]} h6 {[%emt 0:01:20]} 25. h4 {[%emt 0:02:53]} Nb8 {[%emt 0:06:09]} 26. Rc1 {[%emt 0:04:38]} Nd7 {[%emt 0:00:24]} 27. Nd2 {[%emt 0:00:14]} Bxe5 {[%emt 0:00:09]} 28. Bxh6 {[%emt 0:00:19]} Ra5 {[%emt 0:08:38]} 29. Be3 {[%emt 0:04:26]} Bf6 {[%emt 0:02:50]} 30. g3 {[%emt 0:00:45]} Kf7 {[%emt 0:00:18]} 31. Rc4 {[%emt 0:05:09]} Rb5 {[%emt 0:03:59]} 32. Ra4 {[%emt 0:01:13]} Rb7 {[%emt 0:00:02]} 33. Ne4 {[%emt 0:01:54]} Be7 {[%emt 0:00:16]} 34. Nd2 {[%emt 0:02:47]} Bf6 {[%emt 0:00:54]} 35. g4 {[%emt 0:04:45]} Be7 {[%emt 0:01:01]} 36. h5 {[%emt 0:01:46]} gxh5 {[%emt 0:00:13]} 37. gxh5 {[%emt 0:00:04]} Nf6 {[%emt 0:00:12]} 38. h6 {[%emt 0:00:24]} Bf8 {[%emt 0:05:32]} 39. Ne4 {[%emt 0:03:10]} Nh7 {[%emt 0:01:51]} 40. Nd2 {[%emt 0:00:00]} Kg6 {[%emt 0:00:00]} 41. Ra6 {[%emt 0:00:00]} Kf5 {[%emt 0:00:00]} 42. Kd3 {[%emt 0:00:00]} Nf6 {[%emt 0:00:00]} 43. Ra8 {[%emt 0:00:00]} Rf7 {[%emt 0:00:00]} 44. Nf3 {[%emt 0:00:00]} Nh7 {[%emt 0:00:00]} 45. Kc4 {[%emt 0:00:00]} Rb7 {[%emt 0:00:00]} 46. Bxc5 {[%emt 0:00:00]} Bxh6 {[%emt 0:00:00]} 47. Nd4+ {[%emt 0:00:00]} Ke5 {[%emt 0:00:00]} 48. Nxe6 {[%emt 0:00:00]} Bd2 {[%emt 0:00:00]} 49. Nd4 {[%emt 0:00:00]} Kf4 {[%emt 0:00:00]} 50. b4 {[%emt 0:00:00]} Bxb4 {[%emt 0:00:00]} 51. Bxb4 {[%emt 0:00:00]} Rf7 {[%emt 0:00:00]} 52. Bd6+ {[%emt 0:00:00]} 1-0

[Event "Cebanenco Memorial 2019"]
[Site "Chisinau"]
[Date "2019.05.17"]
[Round "9.1"]
[White "Hamitevici, Vladimir"]
[Black "Fedorov, Alexei"]
[Result "1/2-1/2"]
[WhiteElo "2476"]
[BlackElo "2566"]
[Annotator "TA"]
[PlyCount "56"]
[EventDate "2019.05.07"]
[EventCountry "MDA"]
[SourceTitle "playchess.com"]
[Source "ChessBase"]
[SourceQuality "1"]

{[%evp 21,56,39,56,38,46,46,59,55,53,54,49,60,87,65,106,56,17,0,24,39,12,62,78,8,8,10,6,10,22,0,53,10,38,35,41,42,34]} 1. d4 Nf6 2. c4 g6 3. Nc3 Bg7 4. e4 d6 5. h3 O-O 6. Be3 Na6 7. Nf3 e5 8. d5 Nc5 9. Nd2 a5 10. g4 c6 11. Be2 Bd7 12. Qc2 {E92: King's Indian: Classical: 6 Be2 e5: 7 dxe5, 7 Be3 and Petrosian System without 7...Nbd7} a4 13. a3 Qa5 (13... cxd5 14. exd5 Rc8 15. f3 e4 16. fxe4 Qe7 17. O-O h5 18. g5 Nh7 19. h4 f6 20. Nf3 {½-½ (68) Anton Guijarro,D (2666)-Demchenko,A (2660) Riadh 2017}) 14. O-O-O Rfc8 15. Kb1 $1 cxd5 16. exd5 Rab8 17. f3 b6 18. Rdg1 $146 ({Predecessor:} 18. Rc1 Ne8 19. h4 h6 20. h5 {1-0 (49) Almeida Quintana,O (2486)-Clavijo,J (2330) Santa Clara 2015}) 18... e4 19. fxe4 b5 20. e5 $1 {[%cal Re5f6]} (20. cxb5 Ncxe4 21. Ndxe4 Nxe4 $17) (20. Nxb5 $2 Bxb5 21. cxb5 Ncxe4 $19) 20... dxe5 21. cxb5 Qa8 {[#]} 22. Rf1 (22. Rd1 $1 $16) 22... Nb3 $1 $11 ({But not} 22... Nxd5 $2 23. Nxd5 Qxd5 24. Bc4 $18) 23. Rxf6 $1 ({Don't play} 23. Nxb3 Nxd5 24. Nc5 Nxe3 $17) ({Wrong is} 23. Qd3 $2 {[#]} Rxc3 $1 {[%mdl 512]} 24. bxc3 Bxb5 $19) 23... Nxd2+ 24. Qxd2 {And now Ra6 would win.} Bxf6 25. Rf1 Bg7 (25... Bd8 $1 $11) 26. b6 f5 27. gxf5 Bxf5+ 28. Ka1 Qa5 {Accuracy: White = 59%, Black = 72%.} 1/2-1/2

[Event "Cebanenco Memorial 2019"]
[Site "Chisinau"]
[Date "2019.05.17"]
[Round "9.2"]
[White "Svetushkin, Dmitry"]
[Black "Miron, Lucian-Costin"]
[Result "1-0"]
[WhiteElo "2536"]
[BlackElo "2472"]
[Annotator "TA"]
[PlyCount "63"]
[EventDate "2019.05.07"]
[EventCountry "MDA"]
[SourceTitle "playchess.com"]
[Source "ChessBase"]
[SourceQuality "1"]

{[%evp 30,63,24,19,21,6,27,0,0,0,0,-39,-38,-44,-45,-32,-25,-45,-48,-54,39,50,111,94,83,33,27,35,13,23,147,126,145,95,107,93]} 1. e4 e5 2. Nf3 Nc6 3. Bb5 a6 4. Ba4 Nf6 5. O-O Be7 6. Re1 b5 7. Bb3 d6 8. c3 O-O 9. h3 Nb8 10. d4 Nbd7 11. Nbd2 Bb7 12. Bc2 Re8 13. a4 Bf8 14. Bd3 c6 15. b3 g6 16. Bb2 Nh5 {C95: Closed Ruy Lopez: Breyer Variation with 10 d4} 17. Qc2 Rc8 18. Bf1 exd4 {The position is equal.} 19. cxd4 d5 20. e5 b4 21. Nh2 c5 {[#]} 22. Ndf3 $146 ({Predecessor:} 22. Qd3 cxd4 23. Ndf3 Nc5 24. Qd1 {0-1 (53) Bezgodov,A (2570)-Balashov,Y (2510) Perm 1997}) 22... Nf4 23. Qd2 Ne6 $1 24. Ng4 Bg7 (24... h5 $15 25. Nh6+ Kg7) 25. a5 Qe7 (25... h5 $14 26. Nh6+ Kf8) 26. dxc5 $16 Qxc5 27. Ra4 {[%cal Ba1a4,Ba4b4,Bb4b7][%mdl 32]} Qc2 $1 {[%cal Rc2d2] Hoping for ...Qxd2.} 28. Rxb4 Qxd2 29. Nxd2 Rc2 (29... Rb8 $11) 30. Rxb7 Ndc5 31. Rb6 {[#] aiming for Bc1.} Rxb2 32. Rd1 {Accuracy: White = 49%, Black = 44%.} 1-0

[Event "Cebanenco Memorial 2019"]
[Site "Chisinau"]
[Date "2019.05.15"]
[Round "9.3"]
[White "Jobava, Baadur"]
[Black "Morozov, Nichita"]
[Result "1/2-1/2"]
[WhiteElo "2618"]
[BlackElo "2371"]
[Annotator "TA"]
[PlyCount "20"]
[EventDate "2019.05.07"]
[EventCountry "MDA"]
[SourceTitle "playchess.com"]
[Source "ChessBase"]
[SourceQuality "1"]

{[%evp 19,20,0,18]} 1. d4 d5 2. c4 c6 3. Nf3 $146 ({Predecessor:} 3. cxd5 cxd5 4. Nf3 {½-½ (10) Hammer,J (2631)-Vitiugov,N (2734) Helsingor 2018}) 3... Nf6 4. cxd5 cxd5 5. Nc3 Nc6 6. Bf4 Nh5 7. Bd2 Nf6 8. Bf4 Nh5 9. Bd2 Nf6 10. Bf4 Nh5 1/2-1/2

[Event "Cebanenco Memorial 2019"]
[Site "Chisinau"]
[Date "2019.05.15"]
[Round "9.4"]
[White "Lashkin, Jegor"]
[Black "Macovei, Andrei"]
[Result "1/2-1/2"]
[WhiteElo "2313"]
[BlackElo "2432"]
[Annotator "NA RC"]
[PlyCount "29"]
[EventDate "2019.05.07"]
[EventCountry "MDA"]
[SourceTitle "playchess.com"]
[Source "ChessBase"]
[SourceQuality "1"]
[TimeControl "40/5400+30:1800+30"]

1. e4 {[%emt 0:00:00]} e5 {[%emt 0:00:53]} 2. Nf3 {[%emt 0:00:12]} Nc6 {[%emt 0:00:03]} 3. Nc3 {[%emt 0:00:34]} Nf6 {[%emt 0:02:56]} 4. d4 {[%emt 0:00:44]} exd4 {[%emt 0:03:05]} 5. Nxd4 {[%emt 0:00:24]} Bc5 {[%emt 0:03:04]} 6. Be3 {[%emt 0:00:34]} Bb6 {[%emt 0:01:32]} 7. Qd2 $14 {[%emt 0:06:03]} O-O {[%emt 0:17:44]} 8. O-O-O {[%emt 0:05:33]} Re8 {[%emt 0:00:42]} 9. f3 {[%emt 0:07:08]} d5 {[%emt 0:04:12]} 10. Bb5 {[%emt 0:15:41]} Bd7 {[%emt 0:09:03]} 11. exd5 {[%emt 0:17:34]} Ne5 {[%emt 0:11:58]} 12. Be2 {[%emt 0:09:22]} Bc8 {[%emt 0:11:15]} 13. Bb5 {[%emt 0:05:25]} Bd7 {[%emt 0:00:05]} 14. Be2 {[%emt 0:00:08]} Bc8 {[%emt 0:00:05]} 15. Bb5 {[%emt 0:04:34]} 1/2-1/2